<?xml version="1.0" encoding="UTF-8"?>
<record
    xmlns:xsi="http://www.w3.org/2001/XMLSchema-instance"
    xsi:schemaLocation="http://www.loc.gov/MARC21/slim http://www.loc.gov/standards/marcxml/schema/MARC21slim.xsd"
    xmlns="http://www.loc.gov/MARC21/slim">

  <leader>04094cam a22003134a 4500</leader>
  <controlfield tag="001">16557926</controlfield>
  <controlfield tag="005">20130130120628.0</controlfield>
  <controlfield tag="008">101130s2011    enka     b    001 0 eng  </controlfield>
  <datafield tag="020" ind1=" " ind2=" ">
    <subfield code="a">9781107004924 (hardback)</subfield>
  </datafield>
  <datafield tag="020" ind1=" " ind2=" ">
    <subfield code="a">1107004926 (hardback)</subfield>
  </datafield>
  <datafield tag="020" ind1=" " ind2=" ">
    <subfield code="a">9780521181907 (paperback)</subfield>
  </datafield>
  <datafield tag="020" ind1=" " ind2=" ">
    <subfield code="a">0521181909 (paperback)</subfield>
  </datafield>
  <datafield tag="082" ind1="0" ind2="0">
    <subfield code="a">338.90091724</subfield>
    <subfield code="2">22</subfield>
    <subfield code="b">GLO</subfield>
  </datafield>
  <datafield tag="245" ind1="0" ind2="0">
    <subfield code="a">Global Projects :</subfield>
    <subfield code="b">Institutional and Political Challenges /</subfield>
    <subfield code="c">editors, W. Richard Scott, Raymond E. Levitt and Ryan J. Orr.</subfield>
  </datafield>
  <datafield tag="260" ind1=" " ind2=" ">
    <subfield code="a">Cambridge ;</subfield>
    <subfield code="a">New York :</subfield>
    <subfield code="b">Cambridge University Press,</subfield>
    <subfield code="c">2011.</subfield>
  </datafield>
  <datafield tag="300" ind1=" " ind2=" ">
    <subfield code="a">xix, 452 p. :</subfield>
    <subfield code="b">ill. ;</subfield>
    <subfield code="c">23 cm.</subfield>
  </datafield>
  <datafield tag="504" ind1=" " ind2=" ">
    <subfield code="a">Includes bibliographical references (p. 403-448) and index.</subfield>
  </datafield>
  <datafield tag="505" ind1="0" ind2="0">
    <subfield code="t">Preface /</subfield>
    <subfield code="r">Raymond E. Levitt and Ryan J. Orr --</subfield>
    <subfield code="t">Introduction: studying global projects /</subfield>
    <subfield code="r">W. Richard Scott --</subfield>
    <subfield code="g">Part I.</subfield>
    <subfield code="t">Foundational Themes:</subfield>
    <subfield code="g">1.</subfield>
    <subfield code="t">Global projects: distinguishing features, drivers, and challenges /</subfield>
    <subfield code="r">Ryan J. Orr, W. Richard Scott, Raymond E. Levitt, Karlos Artto, and Jaakko Kujala;</subfield>
    <subfield code="g">2.</subfield>
    <subfield code="t">The institutional environment of global projects /</subfield>
    <subfield code="r">W. Richard Scott;</subfield>
    <subfield code="g">3.</subfield>
    <subfield code="t">Social movements and the growth in opposition to global projects /</subfield>
    <subfield code="r">Doug McAdam --</subfield>
    <subfield code="g">Part II.</subfield>
    <subfield code="t">Institutional Differences and Global Projects: Empirical Studies:</subfield>
    <subfield code="g">4.</subfield>
    <subfield code="t">Rules versus results: sources and resolution of institutional conflicts on Indian Metro Railway projects /</subfield>
    <subfield code="r">Ashwin Mahalingam, Raymond E. Levitt, and W. Richard Scott;</subfield>
    <subfield code="g">5.</subfield>
    <subfield code="t">Institutional exceptions on global projects: a process model /</subfield>
    <subfield code="r">Ryan J. Orr and W. Richard Scott;</subfield>
    <subfield code="g">6.</subfield>
    <subfield code="t">Local embeddedness of firms and strategies for dealing with uncertainty in global projects /</subfield>
    <subfield code="r">Ryan J. Orr and Raymond E. Levitt;</subfield>
    <subfield code="g">7.</subfield>
    <subfield code="t">Who needs to know what? Institutional knowledge and global projects /</subfield>
    <subfield code="r">Amy Javernick-Will and W. Richard Scott --</subfield>
    <subfield code="g">Part III.</subfield>
    <subfield code="t">Political Conflicts and Global Projects:</subfield>
    <subfield code="g">8.</subfield>
    <subfield code="t">"Site fights": explaining opposition to pipeline projects in the developing world /</subfield>
    <subfield code="r">Doug McAdam, Hilary Schaffer Boudet, Jennifer Davis, Ryan J. Orr, W. Richard Scott, and Raymond E. Levitt;</subfield>
    <subfield code="g">9.</subfield>
    <subfield code="t">To talk or to fight? Effects of strategic, cultural, and institutional factors on renegotiation approaches in public-private concessions /</subfield>
    <subfield code="r">Henry Chan and Raymond E. Levitt --</subfield>
    <subfield code="g">Part IV.</subfield>
    <subfield code="t">Governance Strategies and Structures:</subfield>
    <subfield code="g">10.</subfield>
    <subfield code="t">Network-based strategies and competencies for political and social risk management in global projects /</subfield>
    <subfield code="r">Witold J. Henisz;</subfield>
    <subfield code="g">11.</subfield>
    <subfield code="t">Organizations enabling public-private partnerships: an organization field approach /</subfield>
    <subfield code="r">Stephen F. Jooste and W. Richard Scott.</subfield>
  </datafield>
  <datafield tag="520" ind1=" " ind2=" ">
    <subfield code="a">"As the world's population continues to grow, there is an ever increasing need for huge investment in basic infrastructure: water and sewage, energy production and distribution, transportation and telecommunication. At the same time, infrastructure systems in developed countries are deteriorating and in need of renewal. Today, many of the engineering and economic problems surrounding infrastructure construction projects have been solved, but the threat of social misalignments and political conflicts renders the development and management of such projects more challenging than ever before. This book presents a new theoretical framework that allows us to analyze the institutional and social movement processes, both negative and positive, that surround global infrastructure projects as they confront cross-national and cross-sectoral (such as private-public partnerships) institutional differences. The value of this framework is illustrated through a series of studies on a wide range of infrastructure projects, including roads, railroads, ports, airports, water supply and energy pipelines"--</subfield>
  </datafield>
  <datafield tag="650" ind1=" " ind2="0">
    <subfield code="a">Infrastructure (Economics)</subfield>
    <subfield code="z">Developing countries.</subfield>
    <subfield code="9">32139</subfield>
  </datafield>
  <datafield tag="650" ind1=" " ind2="0">
    <subfield code="a">Economic development projects</subfield>
    <subfield code="z">Developing countries.</subfield>
    <subfield code="9">32140</subfield>
  </datafield>
  <datafield tag="650" ind1=" " ind2="0">
    <subfield code="a">Public-private sector cooperation</subfield>
    <subfield code="z">Developing countries.</subfield>
    <subfield code="9">32141</subfield>
  </datafield>
  <datafield tag="650" ind1=" " ind2="0">
    <subfield code="a">International cooperation.</subfield>
    <subfield code="9">32142</subfield>
  </datafield>
  <datafield tag="653" ind1=" " ind2=" ">
    <subfield code="b">Eco</subfield>
    <subfield code="c">January2013</subfield>
  </datafield>
  <datafield tag="700" ind1="1" ind2=" ">
    <subfield code="a">Scott, W. Richard.</subfield>
    <subfield code="9">32143</subfield>
  </datafield>
  <datafield tag="700" ind1="1" ind2=" ">
    <subfield code="a">Levitt, Raymond E.</subfield>
    <subfield code="9">32144</subfield>
  </datafield>
  <datafield tag="700" ind1="1" ind2=" ">
    <subfield code="a">Orr, Ryan J.</subfield>
    <subfield code="9">32145</subfield>
  </datafield>
  <datafield tag="942" ind1=" " ind2=" ">
    <subfield code="2">ddc</subfield>
    <subfield code="c">BB</subfield>
  </datafield>
  <datafield tag="999" ind1=" " ind2=" ">
    <subfield code="c">17173</subfield>
    <subfield code="d">17145</subfield>
  </datafield>
  <datafield tag="952" ind1=" " ind2=" ">
    <subfield code="0">0</subfield>
    <subfield code="1">0</subfield>
    <subfield code="2">ddc</subfield>
    <subfield code="4">0</subfield>
    <subfield code="7">0</subfield>
    <subfield code="8">M-E-O</subfield>
    <subfield code="a">MAIN</subfield>
    <subfield code="b">MAIN</subfield>
    <subfield code="c">1ST</subfield>
    <subfield code="d">2013-01-30</subfield>
    <subfield code="e">purchase</subfield>
    <subfield code="g">312.00</subfield>
    <subfield code="h">001338</subfield>
    <subfield code="l">3</subfield>
    <subfield code="m">7</subfield>
    <subfield code="o">338.90091724 GLO</subfield>
    <subfield code="p">000027935</subfield>
    <subfield code="r">2025-07-15 00:00:00</subfield>
    <subfield code="s">2022-10-17</subfield>
    <subfield code="y">BB</subfield>
  </datafield>
</record>
